00848nam a2200241Ia 4500001000600000003000900006008004100015040001300056040001300069041001300082100002200095100002900117245008000146245002200226250001100248260000900259260001200268260004900280300005700329500014600386650004300532650003100575C0602IT-RoPAU130308s9999 xx 000 0 und d aIT-RoPAU cIT-RoPAU aITALIANO aCompagno Giuliano gCodice Aut. SPICS: 36962 aDell'adesione incondizionata. Ipotesi di superamento del sistema della moda bModa & Mondanita' a1a ed. aBARI bPalomar c1992 [1° Ed.:1992 - Ed.Ling.Originale:1992] a"23 p. (prefazione: no ; testo: 23 [pagine: 45-67])" aDominio Dello Spettacolare. Distinzione e Grazia. Dandysmo. Lesa Mondanità€. mimetismo Preventivo. mimetismo e Opportunismo. doppio Mondano. aSOCIOLOGIA DELLA COMUNICAZIONE SOCIALE eCodice materia Spics: 3806